|
|
|
|
| LEADER |
00000cam a2200000 7i4500 |
| 001 |
0000001207 |
| 005 |
20230517.0 |
| 008 |
991125 nyu eng |
| 020 |
|
|
|a 0070535906 (hbk)
|
| 040 |
|
|
|a INS
|
| 090 |
0 |
0 |
|a DS318
|b .R66 1979
|
| 100 |
1 |
|
|a Roosevelt, Kermit
|
| 245 |
1 |
0 |
|a Countercoup, the struggle for the control of Iran
|c Kermit Roosevelt
|
| 260 |
|
|
|a New York :
|b McGraw-Hill ,
|c c1979
|
| 300 |
|
|
|a 217 p. :
|b ill. ;
|c 24 cm.
|
| 500 |
|
|
|a Includes index
|
| 651 |
|
0 |
|a Iran
|x Politics and government
|y 1945
|
| 651 |
|
0 |
|a United States
|x Foreign relations
|z Iran
|
| 999 |
|
|
|a 0000002264
|b BOOK
|c Open Shelf
|e Default branch
|